| 000 | 00460nam a2200181Ia 4500 | ||
|---|---|---|---|
| 001 | 11194 | ||
| 005 | 20260306161928.0 | ||
| 008 | 260306t2015||||xx |||||||||||||| ||spa|| | ||
| 041 | _aESP | ||
| 082 |
_a985.0122 _bG59 |
||
| 100 |
_aGolte, Jürgen _eAUT |
||
| 245 | 0 |
_aMoche, cosmología y sociedad: _buna interpretación iconográfica |
|
| 260 | _c2015 | ||
| 300 |
_a502 páginas : _c25 cm. |
||
| 650 | _aGEN | ||
| 654 | _aCHU | ||
| 942 |
_cLIB _dJUS _fJUS _2ddc _n |
||
| 999 |
_c11194 _d11194 |
||